000
00238nam a2200109Ia 4500
008
190216s9999||||xx |||||||||||||| ||und||
100
_a
Null
245
4
_a
The Fairs Of Faith
260
_b
New Week Books
650
_a
English
942
_c
BK
999
_c
12989
_d
12989